| 000 | 00484nam a22001817a 4500 | ||
|---|---|---|---|
| 003 | CEME | ||
| 005 | 20210628204107.0 | ||
| 008 | 210111b xxu||||| |||| 00| 0 eng d | ||
| 020 | _a9789380853529 | ||
| 040 | _cceme | ||
| 082 | _a530.141 CHO | ||
| 100 |
_aChow, Tai.L _939806 |
||
| 245 | _aIntroduction to electromagnetic theory , a modern perspective | ||
| 260 |
_aNEW DELHI _bJONES _c2012 |
||
| 300 | _aXIX, 523P | ||
| 650 |
_aELECTROMAGNETIC THEORY. _910270 |
||
| 942 |
_cBK _2ddc |
||
| 999 |
_c576198 _d576198 |
||